| 000 | 00468nam a2200193Ia 4500 | ||
|---|---|---|---|
| 008 | 210210b1911 xxu||||| |||| 00| 0 eng d | ||
| 041 | _aeng | ||
| 082 | _a425/260 | ||
| 100 | _aROBERTSON (W G) | ||
| 245 | _aEnglish composition and essay writing | ||
| 260 |
_aBombay _bLongman Green & Co Ltd., _c1911 |
||
| 650 | _awriting | ||
| 650 | _aessay | ||
| 650 | _aEnglish | ||
| 650 | _acomposition | ||
| 650 | _aand | ||
| 690 | _aEnglish Language | ||
| 906 | _a006036 | ||
| 999 |
_c129065 _d129065 |
||